| 000 | 00371nam a22001337a 4500 | ||
|---|---|---|---|
| 008 | 131204b xxu||||| |||| 00| 0 eng d | ||
| 050 | _aSPC HE3419.S8D3 | ||
| 100 |
_aDay, John R. _95096 |
||
| 245 | _aRailways of Southern Africa | ||
| 260 |
_aLondon _bArthur Barker _c1963 |
||
| 300 |
_a143p. _c22cm |
||
| 650 |
_aRailroads - South Africa _95097 |
||
| 942 |
_2lcc _cMONOGRAPH |
||
| 999 |
_c119066 _d119066 |
||